Taxing Countries Quiz Stats

 Plays Quiz Updated Oct 22, 2018

Score 0/22 Timer 04:00
12 Plays Today
Tax Rate Country % Correct
45%France
91.3%
45%Germany
90.7%
45%United Kingdom
90.5%
56.6%Sweden
89.5%
52%Spain
86.7%
47.8%Norway
86.2%
48%Canada
84.3%
49%Finland
83.9%
55.4%Denmark
81.5%
50%Japan
80.1%
45%China
76.4%
Tax Rate Country % Correct
46.5%Portugal
76%
45%Australia
73.5%
52%Netherlands
73.1%
50%Belgium
70.7%
45%Greece
70.1%
48%Ireland
69.4%
50%Austria
69%
46.2%Iceland
63.2%
48%Israel
31.8%
46.4%Zimbabwe
6.2%
50%Senegal
4.2%

You're not logged in!

Compare scores with friends on all Sporcle quizzes.
OR
Log In

Sporcle TV

Today on Sporcle TV


Watch our educational content, quiz creation guides, and fun videos on Sporcle TV.

Show Comments

Extras

Top Quizzes Today


Score Distribution

Your Account Isn't Verified!

In order to create a playlist on Sporcle, you need to verify the email address you used during registration. Go to your Sporcle Settings to finish the process.

Report this User

Report this user for behavior that violates our Community Guidelines.

Details: